000 01143cab a2200445 4500
001 ABS53923
008 090401t1995 xxu||||| |||| 00| 0 eng d
035 _a(Sirsi) u7439
041 _aeng
245 _aEuroProperty: office rents
260 _c1995
350 _a0
490 _aEuroProperty
_vNovember 1995, 46(1)
520 _aOffice rents, capital values and yields 1994-1995 for major European cities and for Europe as a whole. Prices given in local currency and Ecu.
650 _aAMSTERDAM
650 _aBARCELONA
650 _aBERLIN
650 _aBIRMINGHAM
650 _aBRUSSELS
650 _aCAPITAL VALUES
650 _aEUROPE
650 _aFRANKFURT
650 _aGLASGOW
650 _aLISBON
650 _aLONDON
650 _aMADRID
650 _aMANCHESTER
650 _aMILAN
650 _aOFFICE RENTS
650 _aOFFICE YIELDS
650 _aOFFICES
650 _aPARIS
650 _aRENT INDEX
650 _aROME
650 _aVIENNA
690 _aPROPERTY-COMMERCIAL PROPERTY-COMMERCIAL PROPERTY MARKET
690 _aOVERSEAS-EUROPE
942 _n0
948 _c04/03/1997
999 _c4494
_d4494